| 000 | 00626cam a22002055a 4500 | ||
|---|---|---|---|
| 001 | 1726885 | ||
| 005 | 20180320134921.0 | ||
| 008 | 730427t1972 enka frb 001 0 eng d | ||
| 020 | _a0900193131 | ||
| 040 |
_aDLC _cDLC _dDLC _dEG-ScBUE _beng |
||
| 082 | 0 | 4 |
_a621.47 _222 _bBRI |
| 100 | 1 | _aBrinkworth, Brian Joseph. | |
| 245 | 1 | 0 |
_aSolar energy for man / _cB. J. Brinkworth. |
| 260 |
_aSalisbury : _bCompton Press, _cc.1972. |
||
| 300 |
_axii, 251 p. : _bill. ; _c23 cm. |
||
| 504 | _aIncludes bibliographical references and index. | ||
| 650 | 7 |
_aSolar energy. _2BUEsh _95597 |
|
| 653 |
_bGGEN _bENGGEN _cMarch2018 |
||
| 942 | _2ddc | ||
| 999 |
_c26365 _d26337 |
||